| 000 | 00595nam a22002057a 4500 | ||
|---|---|---|---|
| 005 | 20251108170955.0 | ||
| 008 | 250721s2000 xx 000 0 ara d | ||
| 082 | 1 | 4 | _a371.334/زهر |
| 100 | 1 | _aزهران، معتز | |
| 245 | 1 | 0 | _aالتعليم عن طريق الإنترنت / |
| 264 | 1 |
_aعمان : _c2000. |
|
| 300 | _a244ص | ||
| 490 | 0 | _aسلسلة التعليم عن طريق الإنترنت ؛1 | |
| 650 | 1 | 7 | _aالتعليم |
| 650 | 1 | 7 | _aالحواسيب |
| 650 | 1 | 7 | _aالإنترنت |
| 700 | 1 | _aزهران، عمر عدنان | |
| 942 |
_2ddc _cBK |
||
| 999 |
_c53413 _d53413 |
||